000 00451nam a2200181Ia 4500
005 20250423101642.0
008 250422s9999 xx 000 0 und d
020 _a9780805035179
050 _aQL 605.3 .V57/
100 _aVirginia, Alvin
245 0 _aVertebrates
260 _aNew York
260 _bTwenty-First Century Books
260 _c1996
300 _a64 p
650 _aVertebrates--Juvenile literature. Vertebrates.
942 _cBK
999 _c36875
_d36875